<?xml version="1.0" encoding="UTF-8"?>
<collection xmlns="http://www.loc.gov/MARC21/slim">
  <record>
    <leader>00000nam  2200000   4500</leader>
    <controlfield tag="001">INLIS000000000018733</controlfield>
    <controlfield tag="005">20241209030034</controlfield>
    <datafield tag="035" ind1="#" ind2="#">
      <subfield code="a">0010-1224000104</subfield>
    </datafield>
    <controlfield tag="007">ta</controlfield>
    <controlfield tag="008">241209################g##########0#ind##</controlfield>
    <datafield tag="082" ind1="#" ind2="#">
      <subfield code="a">658.81</subfield>
    </datafield>
    <datafield tag="084" ind1="#" ind2="#">
      <subfield code="a">658.81 KOT m</subfield>
    </datafield>
    <datafield tag="100" ind1=" " ind2="#">
      <subfield code="a">Kotler, Philip</subfield>
    </datafield>
    <datafield tag="245" ind1="1" ind2="#">
      <subfield code="a">Manajemen Pemasaran :</subfield>
      <subfield code="b">analisis, perencanaan dan pengendalian /</subfield>
      <subfield code="c">Philip Kotler</subfield>
    </datafield>
    <datafield tag="260" ind1="#" ind2="#">
      <subfield code="a">Jakarta :</subfield>
      <subfield code="b">Erlangga,</subfield>
      <subfield code="c">1992</subfield>
    </datafield>
    <datafield tag="300" ind1="#" ind2="#">
      <subfield code="a">413 halaman :</subfield>
      <subfield code="b">ilus ;</subfield>
      <subfield code="c">24 cm</subfield>
    </datafield>
    <datafield tag="650" ind1="#" ind2="4">
      <subfield code="a">Marketing</subfield>
    </datafield>
    <datafield tag="990" ind1="#" ind2="#">
      <subfield code="a">25630</subfield>
    </datafield>
    <datafield tag="990" ind1="#" ind2="#">
      <subfield code="a">25146</subfield>
    </datafield>
  </record>
</collection>
